Soles Emellis /
Gespeichert in:
| Hauptverfasser: | , |
|---|---|
| Körperschaft: | |
| Format: | Unbekannt |
| Sprache: | Spanish |
| Veröffentlicht: |
New York :
Prisma Books,
1983.
|
| Schlagworte: | |
| Tags: |
Tag hinzufügen
Keine Tags, Fügen Sie den ersten Tag hinzu!
|
MARC
| LEADER | 000000000a22000000004500 | ||
|---|---|---|---|
| 001 | 011326 | ||
| 008 | 180201b xxu||||| |||| 00| 0 spa d | ||
| 020 | |a 0910235023 | ||
| 041 | 0 | |a spa | |
| 082 | 0 | 4 | |a A861.082 |b J95s |
| 100 | 1 | |a Catala, Rafael | |
| 100 | 1 | |a Lugo, Robertoluis | |
| 110 | 2 | |a Junta del Taller Literario Racata | |
| 245 | 1 | 0 | |a Soles Emellis / |c Junta del Taller Literario Racata ; Rafael Catala, Robertoluis Lugo. |
| 260 | 1 | |a New York : |b Prisma Books, |c 1983. | |
| 300 | |a 159 páginas | ||
| 500 | |a Donación George Yúdice, del ejemplar con el codigo 15914. | ||
| 650 | 4 | |a LITERATURA LATINOAMERICANA |9 68 | |
| 650 | 4 | |a POESIA |9 159 | |
| 650 | 4 | |a COLECCIONES | |
| 942 | |c BK |2 ddc | ||
| 999 | |c 16623 |d 16623 | ||



